Library Logo

Pioneer International University Library Catalogue

Shamba la halaiki / (Record no. 9447)

MARC details
000 -LEADER
fixed length control field 00414cam a22001577i 4500
005 - DATE AND TIME OF LATEST TRANSACTION
control field 20250901165814.0
008 - FIXED-LENGTH DATA ELEMENTS--GENERAL INFORMATION
fixed length control field 160927s2016 ke 000 1 swa
010 ## - LIBRARY OF CONGRESS CONTROL NUMBER
LC control number 2015333884
020 ## - INTERNATIONAL STANDARD BOOK NUMBER
International Standard Book Number 9789966570314
050 00 - LIBRARY OF CONGRESS CALL NUMBER
Classification number PL 8704 .O34 2016
100 1# - MAIN ENTRY--PERSONAL NAME
Personal name Okello, Daniel.
245 10 - TITLE STATEMENT
Title Shamba la halaiki /
Statement of responsibility, etc. Daniel Okello.
260 ## - PUBLICATION, DISTRIBUTION, ETC.
Place of publication, distribution, etc. Nairobi:
Name of publisher, distributor, etc. Spotlight,
Date of publication, distribution, etc. 2016.
300 ## - PHYSICAL DESCRIPTION
Extent v, 130 pages ;
Dimensions 18 cm
942 ## - ADDED ENTRY ELEMENTS (KOHA)
Source of classification or shelving scheme Library of Congress Classification
Holdings
Withdrawn status Lost status Source of classification or shelving scheme Damaged status Not for loan Collection Home library Current library Shelving location Date acquired Source of acquisition Total checkouts Full call number Barcode Date last seen Copy number Price effective from Koha item type
    Library of Congress Classification       Main Library Main Library   03/28/2025 Donation from KICD   PL 8704 .O34 2016 PIUD0000415 03/28/2025 1 03/28/2025 Books
    Library of Congress Classification       Main Library Main Library   03/28/2025 Donation from KICD   PL 8704 .O34 2016 PIUD0000416 03/28/2025 2 03/28/2025 Books